Teoría y resistencia en educación: una pedagogía para la oposición

Saved in:
Bibliografiske detaljer
Hovedforfatter: Giroux, Henry A (Author)
Format: Bog
Sprog:spansk
Udgivet: Madrid Siglo Veintiuno 2004
Udgivelse:6a. ed
Fag:
Tags: Tilføj Tag
Ingen Tags, Vær først til at tagge denne postø!

MARC

LEADER 00000nam a2200000 a 4500
001 UCI3098
003 CL-VaPUC
008 071012e20040000SP |||||||||||||||||spa|d
020 |a 9682317924 
082 0 4 |a 370.1  |b GIR  |2 21 
100 |a Giroux, Henry A  |e author  |9 524493 
245 1 0 |a Teoría y resistencia en educación: una pedagogía para la oposición 
250 |a 6a. ed 
300 |a 329 p 
942 |c BK 
945 |d 20071012 00:00:00  |a rbrito 
260 |a Madrid  |b Siglo Veintiuno  |c 2004 
650 0 |a Educación  |9 258661 
650 7 |a ESCUELA  |2 CL-VaPUC  |9 347989 
650 0 |a Currículo  |9 307290 
650 0 |a Política educacional  |9 308011 
650 0 |a Escolarización  |9 369242 
650 0 |a Pedagogía  |9 255351 
650 0 |a Cultura  |9 269059 
650 0 |a Ideologías  |9 255200 
650 0 |a Alfabetización   |9 310435 
583 |a last modification  |c 20071012 00:00:00  |k Rodrigo Vera 
999 |c 327492  |d 327490 
952 |0 0  |1 0  |4 0  |6 370_100000000000000_GIR_2004  |7 0  |8 R  |9 410356  |a BIBEDU  |b BIBEDU  |c MCIRC  |d 2019-11-22  |i 4347013  |o 370.1 GIR 2004  |p 4347013  |r 2023-01-13  |w 2019-11-22  |y BK_R  |k EBA